书目信息 |
| 题名: |
西班牙建筑透视
|
|
| 作者: | 洪斌 著 | |
| 分册: | ||
| 出版信息: | 大连 大连理工大学出版社 2010 |
|
| 页数: | 239页 | |
| 开本: | 26cm | |
| 丛书名: | ||
| 单 册: | ||
| 中图分类: | TU-865.51 , TU-865 | |
| 科图分类: | ||
| 主题词: | 建筑艺术--jian zhu yi shu--西班牙 | |
| 电子资源: | ||
| ISBN: | 978-7-5611-5834-0 | |
| 000 | 00855nam0 2200241 450 | |
| 001 | 2374385010 | |
| 005 | 20231211204005.65 | |
| 010 | @a978-7-5611-5834-0@dCNY100.00 | |
| 100 | @a20101202d2010 em y0chiy50 ea | |
| 101 | 0 | @achi |
| 102 | @aCN@b210000 | |
| 105 | @aa z 000yy | |
| 200 | 1 | @a西班牙建筑透视@Axi ban ya jian zhu tou shi@d= Essence of Spanish architecture@f洪斌著@zeng |
| 210 | @a大连@c大连理工大学出版社@d2010 | |
| 215 | @a239页@c彩图@d26cm | |
| 330 | @a本书主要内容包括: 西班牙建筑漫谈、巴塞罗那、建筑艺术之都、感受高迪、深山中的建筑瑰宝, 西多会修道院、科学艺术城, 建筑师故乡飘过云等。 | |
| 510 | 1 | @aEssence of Spanish architecture@zeng |
| 606 | 0 | @a建筑艺术@Ajian zhu yi shu@y西班牙 |
| 690 | @aTU-865.51@v5 | |
| 690 | @aTU-865@v4 | |
| 701 | 0 | @a洪斌@Ahong bin@4著 |
| 801 | 0 | @aCN@b湖北三新@c20101203 |
| 905 | @aZUCC@dTU-865@e3 | |
| 西班牙建筑透视= Essence of Spanish architecture/洪斌著.-大连:大连理工大学出版社,2010 |
| 239页:彩图;26cm |
| ISBN 978-7-5611-5834-0:CNY100.00 |
| 本书主要内容包括: 西班牙建筑漫谈、巴塞罗那、建筑艺术之都、感受高迪、深山中的建筑瑰宝, 西多会修道院、科学艺术城, 建筑师故乡飘过云等。 |
| ● |
| 相关链接 |
|
|
|
正题名:西班牙建筑透视
索取号:TU-865/3
 
预约/预借
| 序号 | 登录号 | 条形码 | 馆藏地/架位号 | 状态 | 备注 |
| 1 | 2001426003 | 2001426003 | 209书库/ [索取号:TU-865/3] | 在馆 | |
| 2 | 2001426004 | 2001426004 | 209书库/ [索取号:TU-865/3] | 在馆 | |
| 3 | 2001426005 | 2001426005 | 209书库/ [索取号:TU-865/3] | 在馆 | |
| 4 | 2001426006 | 2001426006 | 209书库/ [索取号:TU-865/3] | 在馆 | |
| 5 | 2001426007 | 2001426007 | 209书库/ [索取号:TU-865/3] | 在馆 | |
| 6 | 2001426008 | 2001426008 | 209书库/ [索取号:TU-865/3] | 在馆 | |
| 7 | 2001426009 | 2001426009 | 209书库/ [索取号:TU-865/3] | 在馆 | |
| 8 | 2001426010 | 2001426010 | 209书库/ [索取号:TU-865/3] | 在馆 | |
| 9 | 2001426011 | 2001426011 | 209书库/ [索取号:TU-865/3] | 在馆 | |
| 10 | 2001426012 | 2001426012 | 209书库/ [索取号:TU-865/3] | 在馆 | |
| 11 | 2001426013 | 2001426013 | 209书库/ [索取号:TU-865/3] | 在馆 | |
| 12 | 2001426014 | 2001426014 | 209书库/ [索取号:TU-865/3] | 在馆 | |
| 13 | 2001426015 | 2001426015 | 209书库/ [索取号:TU-865/3] | 在馆 | |
| 14 | 2001426016 | 2001426016 | 209书库/ [索取号:TU-865/3] | 在馆 | |
| 15 | 2001426017 | 2001426017 | 209书库/ [索取号:TU-865/3] | 在馆 | |
| 16 | 2001426018 | 2001426018 | 209书库/ [索取号:TU-865/3] | 在馆 | |
| 17 | 2001426019 | 2001426019 | 209书库/ [索取号:TU-865/3] | 在馆 | |
| 18 | 2001426020 | 2001426020 | 209书库/ [索取号:TU-865/3] | 在馆 | |
| 19 | 2001426021 | 2001426021 | 209书库/ [索取号:TU-865/3] | 在馆 | |
| 20 | 2001426022 | 2001426022 | 209书库/ [索取号:TU-865/3] | 在馆 | |
| 21 | 2001426023 | 2001426023 | 209书库/ [索取号:TU-865/3] | 在馆 | |
| 22 | 2001426024 | 2001426024 | 209书库/ [索取号:TU-865/3] | 在馆 | |
| 23 | 2001426025 | 2001426025 | 209书库/ [索取号:TU-865/3] | 在馆 | |
| 24 | 2001426026 | 2001426026 | 209书库/ [索取号:TU-865/3] | 在馆 | |
| 25 | 2001426027 | 2001426027 | 209书库/ [索取号:TU-865/3] | 在馆 | |
| 26 | 2001426028 | 2001426028 | 209书库/ [索取号:TU-865/3] | 在馆 | |
| 27 | 2001426029 | 2001426029 | 209书库/ [索取号:TU-865/3] | 在馆 | |
| 28 | 2001426030 | 2001426030 | 209书库/ [索取号:TU-865/3] | 在馆 | |
| 29 | 2001426031 | 2001426031 | 209书库/ [索取号:TU-865/3] | 在馆 | |
| 30 | 2001426032 | 2001426032 | 209书库/ [索取号:TU-865/3] | 在馆 |